| 000 | 00482nam a2200193Ia 4500 | ||
|---|---|---|---|
| 008 | 210210b1967 xxu||||| |||| 00| 0 eng d | ||
| 041 | _aeng | ||
| 082 | _a336/173 | ||
| 100 | _aTANDON (B C) | ||
| 245 | _aEconomic development of developed countries | ||
| 260 |
_aAllahabad _bChaitanya Publishing House _c1967 |
||
| 650 | _aof | ||
| 650 | _aEconomic | ||
| 650 | _adevelopment | ||
| 650 | _adeveloped | ||
| 650 | _acountries | ||
| 690 | _aEconomic History | ||
| 906 | _a004910 | ||
| 999 |
_c128514 _d128514 |
||